Observer Wochenschrift für Handel und Industrie

Salvato in:
Dettagli Bibliografici
Natura: Periodico
Lingua:tedesco
Pubblicazione: Prag Verlag der Presseunternehmungen des Zentralverbandes der Čechoslovakischen Industriellen in Prag II.
Tags: Aggiungi Tag
Nessun Tag, puoi essere il primo ad aggiungerne!!

MARC

LEADER 00000nas1a2200000$$$4500
001 0017775
005 20250730114821.6
041 0 |a ger 
044 |a CZ 
245 1 0 |a Observer  |b Wochenschrift für Handel und Industrie 
264 1 |a Prag  |b Verlag der Presseunternehmungen des Zentralverbandes der Čechoslovakischen Industriellen in Prag II.